[Event "Samara Polugaevsky Memorial 6th"]
[Site "Samara"]
[Date "2016.07.09"]
[Round "7"]
[White "Sanzhaev, Darsen"]
[Black "Lipatov, Vladislav"]
[Result "1-0"]
[WhiteElo "2363"]
[BlackElo "2176"]
[PlyCount "55"]
[EventDate "2016.07.03"]
[EventType "swiss"]
[EventRounds "9"]
[EventCountry "RUS"]
[SourceTitle "EXT 2019"]
[Source "ChessBase"]
[SourceDate "2018.10.10"]
[SourceVersion "1"]
[SourceVersionDate "2018.10.10"]
[SourceQuality "1"]

1. d4 d5 2. c4 c6 3. Nf3 Nf6 4. Nc3 dxc4 5. a4 Bf5 6. Ne5 Nbd7 7. Nxc4 Nb6 8. Ne5 e6 9. f3 a5 10. g4 Bg6 11. h4 h5 12. Nxg6 fxg6 13. Qb3 hxg4 14. Bg5 Bb4 15. Qxe6+ Qe7 16. Qxe7+ Bxe7 17. Bg2 Rd8 18. e3 Nfd5 19. Bxe7 Kxe7 20. Ke2 Rh6 21. Nxd5+ cxd5 22. fxg4 Rdh8 23. Ra3 g5 24. h5 Rc8 25. Kd3 Rhc6 26. Rb3 Nxa4 27. Rxb7+ Kd6 28. Ra1 1-0

[Event "Samara Polugaevsky Memorial 6th"]
[Site "Samara"]
[Date "2016.07.07"]
[Round "5"]
[White "Demidov, Mikhail"]
[Black "Sanzhaev, Darsen"]
[Result "1-0"]
[WhiteElo "2514"]
[BlackElo "2363"]
[PlyCount "124"]
[EventDate "2016.07.03"]
[EventType "swiss"]
[EventRounds "9"]
[EventCountry "RUS"]
[SourceTitle "CBM 173 Extra"]
[Source "ChessBase"]
[SourceDate "2016.08.29"]
[SourceVersion "1"]
[SourceVersionDate "2016.08.29"]
[SourceQuality "1"]

1. c4 Nf6 2. Nc3 e5 3. Nf3 Nc6 4. e4 Bc5 5. Nxe5 Nxe5 6. d4 Bb4 7. dxe5 Nxe4 8. Qd3 Nc5 9. Qg3 Ne6 10. a3 Bxc3+ 11. Qxc3 d6 12. Be3 dxe5 13. Qxe5 0-0 14. Rd1 Qe7 15. Be2 f6 16. Qc3 c5 17. 0-0 b6 18. Bf3 Bb7 19. Bd5 Bxd5 20. cxd5 Nd8 21. d6 Qd7 22. Qc4+ Ne6 23. Rfe1 Rae8 24. b4 cxb4 25. axb4 Kh8 26. Qd5 Rc8 27. Bxb6 Nf4 28. Qf3 axb6 29. Qxf4 Rfe8 30. h3 h6 31. Qd4 Rxe1+ 32. Rxe1 Rc6 33. Rd1 b5 34. Qd5 Ra6 35. Qc5 Ra8 36. Rd5 Rd8 37. Qc7 Kg8 38. Kf1 Kf8 39. h4 Ke8 40. h5 Rc8 41. Qxd7+ Kxd7 42. Rxb5 Kxd6 43. Rb7 Rg8 44. Rb6+ Ke5 45. Rb5+ Kf4 46. Rc5 Kg4 47. b5 Ra8 48. Ke2 Ra2+ 49. Ke3 Rb2 50. f3+ Kg3 51. Kd4 Kf4 52. Kd5 Rxg2 53. b6 Kxf3 54. b7 Rb2 55. Kc6 Rxb7 56. Kxb7 Kg4 57. Kc6 f5 58. Kd6 Kxh5 59. Rxf5+ Kg4 60. Ke5 g5 61. Ke4 h5 62. Ra5 h4 1-0

[Event "Samara Polugaevsky Memorial 6th"]
[Site "Samara"]
[Date "2016.07.05"]
[Round "3"]
[White "Sanzhaev, Darsen"]
[Black "Markelova, Lubov"]
[Result "1-0"]
[WhiteElo "2363"]
[BlackElo "2130"]
[PlyCount "111"]
[EventDate "2016.07.03"]
[EventType "swiss"]
[EventRounds "9"]
[EventCountry "RUS"]
[SourceTitle "EXT 2019"]
[Source "ChessBase"]
[SourceDate "2018.10.10"]
[SourceVersion "1"]
[SourceVersionDate "2018.10.10"]
[SourceQuality "1"]

1. d4 d5 2. c4 c6 3. Nf3 Nf6 4. Nc3 e6 5. g3 dxc4 6. Bg2 Nbd7 7. 0-0 b5 8. a4 b4 9. Nb1 Ba6 10. Re1 Be7 11. e4 0-0 12. Bf1 c5 13. d5 exd5 14. e5 Ne8 15. Qxd5 Nb6 16. Qxd8 Rxd8 17. a5 Nd5 18. Nbd2 Nec7 19. Bxc4 Bxc4 20. Nxc4 Ne6 21. Be3 Rd7 22. Nfd2 Nxe3 23. Rxe3 Nd4 24. Rc1 Nf5 25. Ree1 Rd3 26. Ne4 Nd4 27. Kg2 Nb3 28. Rc2 Rfd8 29. f4 R8d7 30. Kf2 Nd4 31. Rd2 Rxd2+ 32. Nexd2 Bd8 33. a6 Kf8 34. Ne4 Be7 35. Rd1 Rc7 36. Na5 h5 37. Nd6 g6 38. Ke3 Nc6 39. Nb5 Rc8 40. Nb7 b3 41. Ra1 Nb4 42. Ke4 Rb8 43. N5d6 c4 44. Nxc4 Nxa6 45. Nbd6 Nc5+ 46. Kd4 Ne6+ 47. Kc3 Bxd6 48. Nxd6 Nc7 49. Rxa7 Nb5+ 50. Nxb5 Rxb5 51. Ra3 Rc5+ 52. Kxb3 Rc1 53. h4 Ke7 54. Ka4 f6 55. exf6+ Kxf6 56. Re3 1-0

[Event "Voronezh op-A 20th"]
[Site "Voronezh"]
[Date "2016.06.19"]
[Round "8"]
[White "Sanzhaev, Darsen"]
[Black "Tsydypov, Zhamsaran"]
[Result "0-1"]
[WhiteElo "2362"]
[BlackElo "2438"]
[PlyCount "80"]
[EventDate "2016.06.12"]
[EventType "swiss"]
[EventRounds "9"]
[EventCountry "RUS"]
[SourceTitle "EXT 2019"]
[Source "ChessBase"]
[SourceDate "2018.10.10"]
[SourceVersion "1"]
[SourceVersionDate "2018.10.10"]
[SourceQuality "1"]

1. d4 g6 2. e4 Bg7 3. c4 c5 4. d5 d6 5. Nf3 e6 6. h3 Ne7 7. Nc3 0-0 8. Bd3 a6 9. a4 Nd7 10. Bd2 h6 11. dxe6 fxe6 12. e5 Nxe5 13. Nxe5 dxe5 14. Be3 b6 15. Be4 Rb8 16. g4 Bb7 17. Qc2 Nc6 18. Rd1 Qc7 19. 0-0 Nd4 20. Qb1 Rbd8 21. Kg2 Rd7 22. Rd2 Rdf7 23. Bxb7 Qxb7+ 24. Qe4 Qc8 25. Ne2 Qe8 26. Nc3 Qe7 27. Ne2 Kh7 28. Ng3 Bf6 29. Rd3 Bh4 30. Bc1 Qc7 31. Bd2 Kg7 32. Bc1 Rf4 33. Rxd4 Rxe4 34. Rxe4 Qb7 35. Rfe1 Qf7 36. Be3 Bg5 37. Re2 Qf3+ 38. Kg1 Bf4 39. Bxf4 exf4 40. Nf1 Qxh3 0-1

[Event "Voronezh op-A 20th"]
[Site "Voronezh"]
[Date "2016.06.17"]
[Round "6"]
[White "Sanzhaev, Darsen"]
[Black "Belyakov, Bogdan"]
[Result "1/2-1/2"]
[WhiteElo "2362"]
[BlackElo "2495"]
[PlyCount "81"]
[EventDate "2016.06.12"]
[EventType "swiss"]
[EventRounds "9"]
[EventCountry "RUS"]
[SourceTitle "EXT 2019"]
[Source "ChessBase"]
[SourceDate "2018.10.10"]
[SourceVersion "1"]
[SourceVersionDate "2018.10.10"]
[SourceQuality "1"]

1. d4 Nf6 2. c4 g6 3. Nc3 Bg7 4. e4 0-0 5. Be3 d6 6. h3 c5 7. Nf3 Qa5 8. Bd3 cxd4 9. Nxd4 Nc6 10. 0-0 Bd7 11. a3 Rfc8 12. Nb3 Qd8 13. c5 Ne5 14. cxd6 Be6 15. Nc5 Bc4 16. Be2 Qxd6 17. Qxd6 exd6 18. Bxc4 Nxc4 19. Nxb7 Nxb2 20. Bd4 Nc4 21. Rfd1 Rab8 22. Rab1 Nxa3 23. Rb3 Nc4 24. Bxa7 Na5 25. Nxa5 Rxb3 26. Nd5 Nxd5 27. Nxb3 Nc3 28. Rxd6 Nxe4 29. Rd3 h5 30. Be3 Rb8 31. g4 hxg4 32. hxg4 Re8 33. Kg2 Bf6 34. Nc5 Nxc5 35. Bxc5 Re4 36. Kf3 Re8 37. Rd7 Rc8 38. Bd4 Bxd4 39. Rxd4 Kg7 40. Kg3 Rc3+ 41. f3 1/2-1/2

[Event "Voronezh op-A 20th"]
[Site "Voronezh"]
[Date "2016.06.13"]
[Round "2"]
[White "Sanzhaev, Darsen"]
[Black "Paravyan, David"]
[Result "0-1"]
[WhiteElo "2362"]
[BlackElo "2514"]
[PlyCount "90"]
[EventDate "2016.06.12"]
[EventType "swiss"]
[EventRounds "9"]
[EventCountry "RUS"]
[SourceTitle "CBM 173 Extra"]
[Source "ChessBase"]
[SourceDate "2016.08.29"]
[SourceVersion "1"]
[SourceVersionDate "2016.08.29"]
[SourceQuality "1"]

1. d4 d5 2. c4 e6 3. Nf3 Nf6 4. g3 dxc4 5. Bg2 Nc6 6. Qa4 Bb4+ 7. Bd2 Nd5 8. Bxb4 Ndxb4 9. 0-0 Rb8 10. Na3 0-0 11. Qb5 b6 12. Qxc4 Ba6 13. Nb5 Qd5 14. Qxd5 Nxd5 15. a4 Na5 16. Ne5 Rbd8 17. Rfe1 f6 18. Bxd5 exd5 19. Nf3 c5 20. Nxa7 Ra8 21. Nb5 Bxb5 22. axb5 Nb3 23. Rxa8 Rxa8 24. dxc5 bxc5 25. Rd1 d4 26. e3 Rb8 27. exd4 cxd4 28. Kf1 Rxb5 29. Ke2 Rb4 30. h4 Kf7 31. Nd2 Nxd2 32. Rxd2 Ke6 33. Kd3 Kd5 34. Kc2 Kc4 35. Kd1 d3 36. Ke1 Kd4 37. Kf1 h5 38. Ke1 g5 39. Kf1 Rb8 40. Ke1 gxh4 41. gxh4 f5 42. f4 Rc8 43. Kd1 Rg8 44. Rh2 Rg1+ 45. Kd2 Rb1 0-1

[Event "Moscow op-A"]
[Site "Moscow"]
[Date "2016.02.02"]
[Round "4"]
[White "Sanzhaev, Darsen"]
[Black "Obgolts, Erik"]
[Result "1-0"]
[WhiteElo "2373"]
[BlackElo "2220"]
[PlyCount "111"]
[EventDate "2016.01.30"]
[EventType "swiss"]
[EventRounds "9"]
[EventCountry "RUS"]
[SourceTitle "CBM 170 Extra"]
[Source "ChessBase"]
[SourceDate "2016.02.25"]
[SourceVersion "1"]
[SourceVersionDate "2016.02.25"]
[SourceQuality "1"]

1. d4 Nf6 2. c4 g6 3. Nc3 Bg7 4. e4 d6 5. f3 0-0 6. Be3 e5 7. Nge2 exd4 8. Nxd4 Nc6 9. Be2 Re8 10. 0-0 Nh5 11. Nxc6 bxc6 12. Qd2 c5 13. Rad1 Bb7 14. Rfe1 Qe7 15. Bf1 Rab8 16. b3 Bc6 17. Bf2 Qf6 18. Rc1 a5 19. Nb5 Bxb5 20. cxb5 Nf4 21. a4 Ne6 22. Bc4 Nd4 23. Be3 Qh4 24. Kh1 Qh5 25. Rf1 Ra8 26. Bd5 Ra7 27. Bxd4 Bxd4 28. Bc6 Rf8 29. Rc4 Qe5 30. Rd1 Kg7 31. f4 Qf6 32. h3 h6 33. Qd3 Kh7 34. Qf3 h5 35. Rc2 h4 36. Re2 Kg7 37. Rf1 Rh8 38. Ree1 Rh5 39. Qd3 Qe7 40. Qc4 f6 41. Rd1 Kh7 42. f5 Be5 43. Qe6 Qf8 44. fxg6+ Kh6 45. Rf5 Rg5 46. Qf7 Qg7 47. Rxg5 fxg5 48. Kg1 Qxg6 49. Qxg6+ Kxg6 50. Kf2 Kh5 51. Kf3 Bf4 52. Rf1 Be5 53. Ke3 Bf4+ 54. Rxf4 gxf4+ 55. Kxf4 Kg6 56. Kg4 1-0

[Event "Saratov Regional-ch"]
[Site "Saratov"]
[Date "2015.12.13"]
[Round "8"]
[White "Sanzhaev, Darsen"]
[Black "Karpenko, Artem"]
[Result "1-0"]
[WhiteElo "2359"]
[BlackElo "2127"]
[PlyCount "125"]
[EventDate "2015.12.05"]
[EventType "swiss"]
[EventRounds "9"]
[EventCountry "RUS"]
[SourceTitle "EXT 2017"]
[Source "ChessBase"]
[SourceDate "2016.10.25"]
[SourceVersion "1"]
[SourceVersionDate "2016.10.25"]
[SourceQuality "1"]

1. d4 d5 2. c4 c6 3. Nf3 Nf6 4. Qb3 dxc4 5. Qxc4 Bf5 6. g3 e6 7. Bg2 Be7 8. 0-0 Nbd7 9. e3 0-0 10. Qe2 Qc7 11. Nc3 e5 12. Nxe5 Nxe5 13. dxe5 Qxe5 14. e4 Be6 15. Kh1 Qc5 16. Be3 Qb4 17. Rfd1 Bc4 18. Qc2 Ng4 19. Bf4 Bc5 20. Rd2 Rad8 21. Nd1 Bd3 22. Qc3 Bxe4 23. Rxd8 Bxg2+ 24. Kxg2 Rxd8 25. Qf3 Nf6 26. Nc3 Qxb2 27. Rb1 Qc2 28. Rxb7 Rd3 29. Rb8+ Bf8 30. Qe2 Qxe2 31. Nxe2 h6 32. Ra8 g5 33. Be3 Kg7 34. Nd4 Bc5 35. Nf5+ Kg6 36. Bxc5 Kxf5 37. Rxa7 Nd7 38. Be3 Ke6 39. a4 c5 40. a5 Ra3 41. Ra6+ Ke5 42. Rxh6 f6 43. Bd2 c4 44. Rh7 Ke6 45. Re7+ Kxe7 46. Bb4+ Ke6 47. Bxa3 g4 48. f3 Ne5 49. a6 Nc6 50. fxg4 c3 51. h4 c2 52. h5 Kf7 53. Kf3 Kg7 54. Ke4 Kh6 55. Bc1+ Kg7 56. g5 fxg5 57. Bxg5 Kf7 58. Bc1 Kg7 59. g4 Kf6 60. g5+ Kf7 61. Bb2 Kg8 62. g6 Kf8 63. h6 1-0